Data bases, computers, and the social sciences /

Guardado en:
Autor Corporativo: Council of Social Science Data Archives (U.S.). Conference
Otros Autores: Bisco, Ralph L. (Editor )
Formato: Libro
Idioma:English
Publicado: New York : Wiley-Interscience, c1970.
Series:Information sciences series
Etiquetas: Agregar Etiqueta
Sin Etiquetas, Sea el primero en etiquetar este registro!
LEADER 00937cam a22002055 4500
001 MAT.inmabb002043
008 860410s1970####nyua#####b####000#0#eng#d
005 20160606163833.0
245 0 0 |a Data bases, computers, and the social sciences /  |c edited by Ralph L. Bisco. 
260 |a New York :  |b Wiley-Interscience,  |c c1970. 
300 |a xiii, 291 p. :  |b il. ;  |c 24 cm. 
440 0 |a Information sciences series 
500 |a Basado en trabajos presentados en la Fourth Annual Conference of the Council of Social Science Data Archives, realizada en la University of California en Los Angeles, en junio de 1967. 
504 |a Incluye referencias bibliográficas. 
020 |a 0471075507 
700 1 |a Bisco, Ralph L.  |4 edt 
710 2 |a Council of Social Science Data Archives (U.S.).  |b Conference  |n (4ª :  |d 1967 :  |c University of California, Los Angeles). 
084 |a 68-06  |2 msc2000 
010 |a  75094917  
859 |h 68  |i D2325  |p A-3693  |b BIB. MATEMATICA